000 00981nam a22002297a 4500
008 240306t1989 ck gr 000 0bspa d
020 _a9589043682
037 _3Donación
040 _aCO-JMCR
_cCO-JMCR
_dCO-JMCR
_erda
_bspa
041 0 _aspa
082 0 4 _aA-P
_bGARf
100 1 _943535
_aGarcía Maffla, Jaime,
_eautor
_d1944-
245 1 0 _aFernando Charry Lara /
_cJaime García Maffla
264 _aBogotá :
_bProcultura ,
_c©1989
300 _a137 páginas ;
_c19 cm.
490 _v9
500 _aIncluye tablas cronológicas donde se interrelacionan los principales acontecimientos históricos y literarios del país y del mundo con la vida y obra de Fernando Charry Lara
505 0 _aBiografía... pág. 1 -- Charry Lara y la poesía de Colombia... pág. 17 -- Antología... pág. 35
650 1 4 _ySiglo XX
_zColombia
_943537
650 2 4 _ySigloXX
_943538
999 _c30706
_d17090